| 000 | 00399nam a2200133Ia 4500 | ||
|---|---|---|---|
| 008 | 210430s9999 xx 000 0 und d | ||
| 020 | _a978-8120336773 | ||
| 082 | _a660.63 I358 B | ||
| 100 |
_aSyed Tanveer Ahmed Inamdar _9127010 |
||
| 245 |
_aBiochemical Engineering Principles and Concepts / _cSyed Tanveer Ahmed Inamdar |
||
| 260 |
_aNew Delhi _bPHI _c2007 |
||
| 300 | _a280 P | ||
| 942 |
_cBK _2ddc |
||
| 999 |
_c564907 _d564907 |
||